[Event "Eliminacje_Strefowe_OP_SL_2024_C13"]
[Site "?"]
[Date "2024.09.14"]
[Round "8.8"]
[White "Karnowka, Kacper"]
[Black "Rozycki, Tymoteusz"]
[Result "1-0"]
[BlackElo "1457"]
[WhiteElo "1507"]
[LiveChessVersion "1.4.8"]

1. e4 {[%clk 1:30:59]} e6 {[%clk 1:30:56]} 2. d4 {[%clk 1:31:24]} d5
{[%clk 1:31:21]} 3. e5 {[%clk 1:31:52]} c5 {[%clk 1:31:42]} 4. c3
{[%clk 1:32:18]} Nc6 {[%clk 1:32:07]} 5. Nf3 {[%clk 1:32:46]} Qb6
{[%clk 1:32:29]} 6. a3 {[%clk 1:33:09]} cxd4 {[%clk 1:32:21]} 7. cxd4
{[%clk 1:33:32]} Nh6 {[%clk 1:31:22]} 8. Nc3 {[%clk 1:29:44]} Nf5
{[%clk 1:29:17]} 9. Bd3 {[%clk 1:28:37]} Nfxd4 {[%clk 1:27:41]} 10. Nxd4
{[%clk 1:28:52]} Qxd4 {[%clk 1:24:03]} 11. O-O {[%clk 1:25:25]} Qxe5
{[%clk 1:18:18]} 12. g3 {[%clk 1:24:21]} g5 {[%clk 1:01:06]} 13. Re1
{[%clk 1:22:56]} Qf6 {[%clk 0:59:42]} 14. Nxd5 {[%clk 1:22:59]} Qd8
{[%clk 0:59:12]} 15. Bb5 Bd7 {[%clk 0:56:24]} 16. Bxg5 {[%clk 1:16:35]} Qxg5
{[%clk 0:55:37]} 17. Nc7+ {[%clk 1:16:18]} Kd8 {[%clk 0:55:46]} 18. Bxc6
{[%clk 1:16:23]} bxc6 {[%clk 0:55:58]} 19. Nxa8 {[%clk 1:16:39]} Bc5
{[%clk 0:55:30]} 20. b4 {[%clk 1:14:12]} Be7 {[%clk 0:55:24]} 21. Qa4
{[%clk 1:11:27]} Qb5 {[%clk 0:54:52]} 22. Qxa7 {[%clk 1:10:18]} Bd6
{[%clk 0:55:10]} 23. Nb6 {[%clk 1:07:00]} 1-0

[Event "Eliminacje_Strefowe_OP_SL_2024_C13"]
[Site "?"]
[Date "2024.09.14"]
[Round "8.10"]
[White "Kowalik, Igor"]
[Black "Kieca, Szymon"]
[Result "1/2-1/2"]
[BlackElo "1436"]
[WhiteElo "1501"]
[LiveChessVersion "1.4.8"]

1. e4 {[%clk 1:30:58]} c5 {[%clk 1:30:52]} 2. Nc3 {[%clk 1:31:22]} a6
{[%clk 1:31:11]} 3. f4 {[%clk 1:31:45]} b5 {[%clk 1:31:12]} 4. Nf3
{[%clk 1:31:54]} Bb7 {[%clk 1:31:09]} 5. d3 {[%clk 1:32:08]} e6 {[%clk 1:31:01]}
6. g3 {[%clk 1:31:41]} b4 {[%clk 1:30:35]} 7. Ne2 {[%clk 1:30:49]} d5
{[%clk 1:30:14]} 8. e5 {[%clk 1:30:29]} Ne7 {[%clk 1:28:34]} 9. Bg2
{[%clk 1:30:25]} d4 {[%clk 1:28:26]} 10. O-O {[%clk 1:28:24]} Nd5
{[%clk 1:27:49]} 11. Kh1 {[%clk 1:13:16]} Nc6 {[%clk 1:27:16]} 12. a3
{[%clk 1:08:33]} Nce7 {[%clk 1:24:39]} 13. Nh4 {[%clk 1:06:06]} a5
{[%clk 1:20:51]} 14. axb4 {[%clk 1:03:23]} axb4 {[%clk 1:20:46]} 15. Rxa8
{[%clk 1:03:19]} Bxa8 {[%clk 1:19:44]} 16. c4 {[%clk 0:58:53]} bxc3
{[%clk 1:17:59]} 17. bxc3 {[%clk 0:58:52]} Nxc3 {[%clk 1:15:07]} 18. Nxc3
{[%clk 0:59:03]} Bxg2+ {[%clk 1:14:38]} 19. Nxg2 {[%clk 0:59:14]} dxc3
{[%clk 1:13:46]} 20. Qa4+ {[%clk 0:57:34]} Qd7 {[%clk 1:13:35]} 21. Qxd7+
{[%clk 0:57:29]} Kxd7 {[%clk 1:13:46]} 22. Ne3 {[%clk 0:55:14]} Nc6
{[%clk 1:11:56]} 23. Ba3 {[%clk 0:52:57]} Nb4 {[%clk 1:08:49]} 24. Rc1
{[%clk 0:51:45]} c2 {[%clk 1:04:38]} 25. Bxb4 {[%clk 0:50:17]} cxb4
{[%clk 1:04:46]} 26. Rxc2 {[%clk 0:50:39]} Be7 {[%clk 1:02:04]} 27. Rb2
{[%clk 0:49:49]} Rb8 {[%clk 1:01:17]} 28. Nc2 {[%clk 0:49:15]} Kc6
{[%clk 0:59:30]} 29. Kg2 {[%clk 0:48:32]} Kb5 {[%clk 0:50:46]} 30. Nd4+
{[%clk 0:48:12]} Kc5 {[%clk 0:49:47]} 31. Nb3+ {[%clk 0:45:04]} 1/2-1/2

[Event "Eliminacje_Strefowe_OP_SL_2024_C13"]
[Site "?"]
[Date "2024.09.14"]
[Round "8.11"]
[White "Furas, Pawel"]
[Black "Furas, Piotr"]
[Result "1/2-1/2"]
[BlackElo "1406"]
[WhiteElo "1470"]
[LiveChessVersion "1.4.8"]

1. e4 {[%clk 1:30:58]} c5 {[%clk 1:30:45]} 2. Nf3 {[%clk 1:31:00]} d6
{[%clk 1:30:39]} 3. d4 {[%clk 1:31:16]} cxd4 {[%clk 1:30:35]} 4. Nxd4
{[%clk 1:30:38]} Nf6 {[%clk 1:30:25]} 5. Nc3 {[%clk 1:30:07]} g6 {[%clk 1:29:01]}
6. Be3 {[%clk 1:29:56]} Bg7 {[%clk 1:28:45]} 7. f3 {[%clk 1:28:22]} O-O
{[%clk 1:26:44]} 8. Qd2 {[%clk 1:26:48]} Nc6 {[%clk 1:25:38]} 9. Bc4
{[%clk 1:23:39]} Nxd4 {[%clk 1:23:24]} 10. Bxd4 {[%clk 1:22:33]} Be6
{[%clk 1:21:29]} 11. Bb3 {[%clk 1:19:33]} Qa5 {[%clk 1:18:24]} 12. O-O-O
{[%clk 1:15:35]} b5 {[%clk 1:13:16]} 13. Nd5 {[%clk 1:05:42]} Qxd2+
{[%clk 1:12:09]} 14. Kxd2 {[%clk 1:06:00]} Bxd5 {[%clk 1:11:31]} 15. Bxd5
{[%clk 1:06:00]} Nxd5 {[%clk 1:10:40]} 16. Bxg7 {[%clk 1:04:46]} Kxg7
{[%clk 1:10:50]} 17. exd5 {[%clk 1:05:05]} Rac8 {[%clk 1:10:11]} 18. c3
{[%clk 1:04:39]} a5 {[%clk 1:10:11]} 19. a3 {[%clk 1:03:39]} h5 {[%clk 1:07:33]}
20. h4 {[%clk 1:01:43]} f5 {[%clk 1:07:00]} 21. f4 {[%clk 0:59:53]} Rc7
{[%clk 1:04:42]} 22. g3 {[%clk 0:59:00]} Rfc8 {[%clk 1:03:51]} 23. Rhe1
{[%clk 0:54:32]} Kf7 {[%clk 1:01:54]} 24. Re3 {[%clk 0:51:52]} Kf6
{[%clk 1:01:02]} 25. Re6+ {[%clk 0:51:40]} Kf7 {[%clk 1:01:12]} 26. Re3
{[%clk 0:49:19]} Rc5 {[%clk 0:58:16]} 27. Kc2 {[%clk 0:47:56]} R5c7
{[%clk 0:54:38]} 28. Re6 {[%clk 0:45:34]} Rc5 {[%clk 0:53:24]} 29. Re3
{[%clk 0:45:33]} R5c7 {[%clk 0:53:27]} 30. b4 {[%clk 0:45:26]} a4
{[%clk 0:53:00]} 31. Rd4 {[%clk 0:43:27]} Rc4 1/2-1/2

[Event "Eliminacje_Strefowe_OP_SL_2024_C13"]
[Site "?"]
[Date "2024.09.15"]
[Round "9.1"]
[White "Rajbharath, Harjith"]
[Black "Pawleta, Mateusz"]
[Result "1/2-1/2"]
[BlackElo "1767"]
[WhiteElo "1813"]
[LiveChessVersion "1.4.8"]

1. d4 {[%clk 1:30:43]} d5 {[%clk 1:30:53]} 2. Nf3 {[%clk 1:31:00]} Nf6
{[%clk 1:31:12]} 3. c4 {[%clk 1:31:23]} e6 {[%clk 1:31:26]} 4. cxd5
{[%clk 1:31:49]} exd5 {[%clk 1:31:50]} 5. Nc3 {[%clk 1:31:59]} c6
{[%clk 1:28:12]} 6. Bf4 {[%clk 1:31:05]} Bd6 {[%clk 1:28:00]} 7. Bxd6
{[%clk 1:31:16]} Qxd6 {[%clk 1:28:23]} 8. e3 {[%clk 1:31:39]} Nbd7
{[%clk 1:26:19]} 9. Bd3 {[%clk 1:31:47]} O-O {[%clk 1:26:35]} 10. O-O
{[%clk 1:32:09]} Re8 {[%clk 1:25:56]} 11. Qc2 {[%clk 1:31:20]} Qe7
{[%clk 1:08:32]} 12. Rfe1 {[%clk 1:25:53]} Ne4 {[%clk 1:05:13]} 13. Nd2
{[%clk 1:24:55]} f5 {[%clk 1:01:47]} 14. f3 {[%clk 1:24:59]} Nxd2
{[%clk 1:01:55]} 15. Qxd2 {[%clk 1:25:23]} Qg5 {[%clk 0:53:26]} 16. Rad1
{[%clk 1:22:20]} Nf6 {[%clk 0:41:45]} 17. e4 {[%clk 1:15:42]} Qxd2
{[%clk 0:41:55]} 18. Rxd2 {[%clk 1:16:10]} fxe4 {[%clk 0:41:52]} 19. fxe4
{[%clk 1:16:30]} dxe4 {[%clk 0:41:58]} 20. Nxe4 {[%clk 1:16:35]} Nxe4
{[%clk 0:41:08]} 21. Rxe4 {[%clk 1:15:41]} Rxe4 {[%clk 0:39:50]} 22. Bxe4
{[%clk 1:16:09]} Be6 {[%clk 0:40:05]} 23. a3 {[%clk 1:15:49]} Rd8
{[%clk 0:39:57]} 24. Kf2 {[%clk 1:16:09]} h6 {[%clk 0:30:28]} 25. Ke3
{[%clk 1:14:38]} g5 {[%clk 0:30:46]} 26. Rf2 {[%clk 1:14:08]} Kg7
{[%clk 0:30:56]} 27. g3 {[%clk 1:13:33]} Re8 {[%clk 0:30:19]} 28. Kd3
{[%clk 1:12:57]} Re7 {[%clk 0:25:26]} 29. b4 {[%clk 1:10:57]} Bb3
{[%clk 0:22:07]} 30. Rf5 {[%clk 1:05:58]} Ba2 {[%clk 0:16:11]} 31. Re5
{[%clk 1:03:54]} Kf6 {[%clk 0:15:21]} 32. Rxe7 {[%clk 1:03:02]} Kxe7
{[%clk 0:15:43]} 33. Kc3 {[%clk 1:03:09]} Kf6 {[%clk 0:15:12]} 34. b5
{[%clk 1:02:32]} Bd5 {[%clk 0:13:38]} 35. Bxd5 {[%clk 1:02:30]} cxd5
{[%clk 0:14:02]} 36. g4 {[%clk 1:02:41]} b6 {[%clk 0:13:59]} 37. Kd3
{[%clk 1:02:30]} 1/2-1/2

[Event "Eliminacje_Strefowe_OP_SL_2024_C13"]
[Site "?"]
[Date "2024.09.15"]
[Round "9.2"]
[White "Reterski, Wiktor"]
[Black "Staniczek, Kacper"]
[Result "0-1"]
[BlackElo "1897"]
[WhiteElo "1621"]
[LiveChessVersion "1.4.8"]

1. e4 {[%clk 1:30:59]} e5 {[%clk 1:30:56]} 2. Nf3 {[%clk 1:31:21]} Nc6
{[%clk 1:31:23]} 3. d4 {[%clk 1:31:44]} exd4 {[%clk 1:31:44]} 4. Bc4
{[%clk 1:32:09]} Nf6 {[%clk 1:31:58]} 5. e5 {[%clk 1:32:11]} d5 {[%clk 1:32:22]}
6. Bb5 {[%clk 1:32:36]} Ne4 {[%clk 1:32:45]} 7. Nxd4 {[%clk 1:32:53]} Bd7
{[%clk 1:33:08]} 8. Bxc6 {[%clk 1:33:17]} bxc6 {[%clk 1:33:30]} 9. O-O
{[%clk 1:33:36]} Bc5 {[%clk 1:33:44]} 10. f3 Ng5 {[%clk 1:34:12]} 11. f4
{[%clk 1:34:21]} Ne4 {[%clk 1:34:40]} 12. Be3 {[%clk 1:34:40]} Bb6
{[%clk 1:35:05]} 13. Nd2 {[%clk 1:35:02]} Nxd2 {[%clk 1:35:22]} 14. Qxd2
{[%clk 1:35:25]} c5 {[%clk 1:35:35]} 15. Nf3 {[%clk 1:34:38]} d4 {[%clk 1:35:51]}
16. Bf2 {[%clk 1:34:57]} Bc6 {[%clk 1:36:13]} 17. Bh4 {[%clk 1:34:12]} Qd5
{[%clk 1:29:41]} 18. f5 {[%clk 1:29:21]} Kd7 {[%clk 1:13:11]} 19. e6+
{[%clk 0:52:07]} Kc8 {[%clk 1:04:21]} 20. exf7 {[%clk 0:51:07]} Kb7
{[%clk 0:59:43]} 21. Kh1 {[%clk 0:44:37]} Rhf8 {[%clk 0:55:21]} 22. b4
{[%clk 0:30:02]} c4 {[%clk 0:52:22]} 23. c3 {[%clk 0:26:29]} d3 {[%clk 0:50:08]}
24. Bf2 {[%clk 0:26:17]} Rxf7 {[%clk 0:47:34]} 25. Bxb6 {[%clk 0:25:30]} axb6
{[%clk 0:47:40]} 26. Nd4 {[%clk 0:25:38]} Re8 {[%clk 0:46:52]} 27. Rf2
{[%clk 0:25:16]} Bd7 {[%clk 0:40:44]} 28. Raf1 {[%clk 0:19:12]} Ref8
{[%clk 0:40:10]} 29. Re1 {[%clk 0:06:15]} Bxf5 {[%clk 0:38:39]} 30. Kg1
{[%clk 0:06:10]} Bd7 {[%clk 0:37:15]} 31. Rxf7 {[%clk 0:06:24]} Qxf7
{[%clk 0:37:25]} 32. Nf3 {[%clk 0:05:39]} Qf4 {[%clk 0:36:51]} 33. Re7
{[%clk 0:04:33]} Bc6 {[%clk 0:16:13]} 34. Qxf4 {[%clk 0:03:20]} Rxf4
{[%clk 0:16:40]} 35. Rxg7 {[%clk 0:03:36]} Bxf3 {[%clk 0:16:59]} 36. gxf3
{[%clk 0:03:55]} Rxf3 {[%clk 0:17:23]} 37. Rd7 {[%clk 0:03:45]} Re3
{[%clk 0:16:50]} 38. Kf2 {[%clk 0:02:24]} Re2+ {[%clk 0:16:58]} 39. Kg3
{[%clk 0:02:50]} d2 {[%clk 0:16:45]} 40. h4 {[%clk 0:03:01]} Re3+
{[%clk 0:17:08]} 0-1

[Event "Eliminacje_Strefowe_OP_SL_2024_C13"]
[Site "?"]
[Date "2024.09.15"]
[Round "9.3"]
[White "Seemann, Adam"]
[Black "Kaluza, Jakub"]
[Result "1/2-1/2"]
[BlackElo "1655"]
[WhiteElo "1731"]
[LiveChessVersion "1.4.8"]

1. e4 {[%clk 1:30:57]} e5 {[%clk 1:30:46]} 2. Nf3 {[%clk 1:31:20]} Nc6
{[%clk 1:31:08]} 3. Bc4 {[%clk 1:31:43]} Nf6 {[%clk 1:30:58]} 4. d4
{[%clk 1:32:04]} exd4 {[%clk 1:30:16]} 5. e5 {[%clk 1:32:22]} d5 {[%clk 1:30:16]}
6. Bb5 {[%clk 1:32:34]} Ne4 {[%clk 1:26:41]} 7. Nxd4 {[%clk 1:32:45]} Bd7
{[%clk 1:25:20]} 8. Bxc6 {[%clk 1:32:45]} Bxc6 {[%clk 1:25:44]} 9. Nxc6
{[%clk 1:26:52]} bxc6 {[%clk 1:26:00]} 10. O-O {[%clk 1:23:54]} Bc5
{[%clk 1:25:14]} 11. Nd2 {[%clk 1:21:33]} Nxd2 {[%clk 1:21:47]} 12. Bxd2
{[%clk 1:21:18]} O-O {[%clk 1:22:00]} 13. Qg4 {[%clk 1:13:09]} f5
{[%clk 1:13:27]} 14. Qg3 {[%clk 1:08:25]} Qd7 {[%clk 1:08:14]} 15. Rae1
{[%clk 0:58:17]} Qe6 {[%clk 1:04:30]} 16. Bg5 {[%clk 0:51:03]} h6
{[%clk 1:03:37]} 17. Be3 {[%clk 0:39:19]} Bb6 {[%clk 1:01:48]} 18. Bd2
{[%clk 0:33:40]} a5 {[%clk 0:59:36]} 19. a4 {[%clk 0:31:50]} Rfe8
{[%clk 0:57:52]} 20. Kh1 {[%clk 0:30:43]} Kh7 {[%clk 0:56:09]} 21. f4
{[%clk 0:30:07]} g6 {[%clk 0:53:04]} 22. Rf3 {[%clk 0:28:00]} h5 {[%clk 0:50:16]}
23. Ref1 {[%clk 0:26:22]} c5 {[%clk 0:45:15]} 24. Qe1 {[%clk 0:25:15]} c4
{[%clk 0:44:22]} 25. Rg3 {[%clk 0:23:32]} Qd7 {[%clk 0:41:52]} 26. b3
{[%clk 0:23:02]} cxb3 {[%clk 0:40:58]} 27. cxb3 {[%clk 0:23:23]} Re6
{[%clk 0:40:36]} 28. Rff3 {[%clk 0:19:54]} Kg7 {[%clk 0:38:12]} 29. Rg5
{[%clk 0:18:15]} Qc6 {[%clk 0:36:29]} 30. Rc3 {[%clk 0:17:27]} Qd7
{[%clk 0:36:37]} 31. Rh3 {[%clk 0:16:54]} Rh8 {[%clk 0:34:56]} 32. Bxa5
{[%clk 0:15:57]} Bxa5 {[%clk 0:35:19]} 33. Qxa5 {[%clk 0:16:21]} Rc6
{[%clk 0:35:24]} 34. Qd2 {[%clk 0:15:48]} Rb6 {[%clk 0:34:44]} 35. Rd3
{[%clk 0:15:13]} c6 {[%clk 0:32:25]} 36. Rgg3 {[%clk 0:14:29]} Rhb8
{[%clk 0:32:00]} 37. Rge3 {[%clk 0:13:51]} Qe6 {[%clk 0:30:35]} 38. g3
{[%clk 0:13:02]} Rb4 {[%clk 0:25:10]} 39. Qc2 {[%clk 0:10:33]} d4
{[%clk 0:24:14]} 40. Rf3 {[%clk 0:10:31]} Qd5 {[%clk 0:24:32]} 41. Kg1
{[%clk 0:09:23]} c5 {[%clk 0:24:17]} 42. Qe2 {[%clk 0:05:27]} 1/2-1/2

[Event "Eliminacje_Strefowe_OP_SL_2024_C13"]
[Site "?"]
[Date "2024.09.15"]
[Round "9.4"]
[White "Smolinski, Wojciech"]
[Black "Myslowski, Tomasz"]
[Result "1-0"]
[BlackElo "1457"]
[WhiteElo "1887"]
[LiveChessVersion "1.4.8"]

1. e4 {[%clk 1:30:55]} e6 {[%clk 1:30:56]} 2. d4 {[%clk 1:31:19]} d5
{[%clk 1:31:22]} 3. Nd2 {[%clk 1:31:42]} dxe4 {[%clk 1:31:42]} 4. Nxe4
{[%clk 1:32:05]} Bd7 {[%clk 1:31:58]} 5. Nf3 {[%clk 1:32:26]} Bc6
{[%clk 1:32:07]} 6. Bd3 {[%clk 1:32:47]} Nd7 {[%clk 1:31:51]} 7. O-O
{[%clk 1:33:08]} Ngf6 {[%clk 1:32:13]} 8. Neg5 {[%clk 1:33:31]} h6
{[%clk 1:29:19]} 9. Nxe6 {[%clk 1:33:10]} fxe6 {[%clk 1:24:46]} 10. Bg6+
{[%clk 1:33:24]} Ke7 {[%clk 1:24:56]} 11. c4 {[%clk 1:33:44]} Be4
{[%clk 1:03:56]} 12. Bxe4 {[%clk 1:33:53]} Nxe4 {[%clk 1:04:21]} 13. Re1
{[%clk 1:33:59]} Nef6 {[%clk 1:04:07]} 14. d5 {[%clk 1:05:18]} e5
{[%clk 0:53:48]} 15. Nxe5 {[%clk 1:02:04]} Nxe5 {[%clk 0:54:12]} 16. f4
{[%clk 1:02:13]} Kf7 {[%clk 0:38:41]} 17. fxe5 {[%clk 1:01:50]} Bc5+
{[%clk 0:38:17]} 18. Be3 {[%clk 0:57:11]} Bxe3+ {[%clk 0:35:48]} 19. Rxe3
{[%clk 0:57:10]} Nh7 {[%clk 0:24:07]} 20. d6 {[%clk 0:35:45]} cxd6
{[%clk 0:23:55]} 21. Qd5+ {[%clk 0:35:59]} Ke7 {[%clk 0:21:52]} 22. exd6+
{[%clk 0:35:30]} Kf8 {[%clk 0:21:53]} 23. Re7 {[%clk 0:35:08]} Qxe7
{[%clk 0:21:37]} 24. dxe7+ {[%clk 0:35:32]} Kxe7 {[%clk 0:22:00]} 25. Qxb7+
{[%clk 0:35:51]} Kf6 {[%clk 0:22:14]} 26. Rf1+ {[%clk 0:35:56]} Ke6
{[%clk 0:21:48]} 27. Qd5+ {[%clk 0:36:18]} Ke7 {[%clk 0:22:08]} 1-0

[Event "Eliminacje_Strefowe_OP_SL_2024_C13"]
[Site "?"]
[Date "2024.09.15"]
[Round "9.5"]
[White "Czeremcha, Piotr"]
[Black "Biela, Jan"]
[Result "1/2-1/2"]
[BlackElo "1561"]
[WhiteElo "1762"]
[LiveChessVersion "1.4.8"]

1. e4 {[%clk 1:30:59]} e5 {[%clk 1:30:53]} 2. Nc3 {[%clk 1:31:02]} Nf6
{[%clk 1:31:09]} 3. g3 {[%clk 1:30:55]} Nc6 {[%clk 1:31:14]} 4. Bg2
{[%clk 1:31:16]} Bc5 {[%clk 1:31:04]} 5. d3 {[%clk 1:31:21]} d6 {[%clk 1:31:16]}
6. Nge2 {[%clk 1:31:07]} Be6 {[%clk 1:29:55]} 7. O-O {[%clk 1:29:48]} Qd7
{[%clk 1:29:40]} 8. a3 {[%clk 1:29:36]} Bh3 {[%clk 1:29:28]} 9. b4
{[%clk 1:28:51]} Bxg2 {[%clk 1:29:38]} 10. Kxg2 {[%clk 1:29:03]} Bb6
{[%clk 1:29:30]} 11. Nd5 {[%clk 1:24:08]} Nxd5 {[%clk 1:27:25]} 12. exd5
{[%clk 1:24:30]} Nd4 {[%clk 1:27:41]} 13. Bb2 {[%clk 1:13:21]} Nxe2
{[%clk 1:25:34]} 14. Qxe2 {[%clk 1:13:46]} O-O-O {[%clk 1:25:18]} 15. a4
{[%clk 1:13:37]} c6 {[%clk 1:20:02]} 16. dxc6 {[%clk 1:06:44]} Qxc6+
{[%clk 1:20:23]} 17. Qe4 {[%clk 1:06:59]} Qxe4+ {[%clk 1:19:42]} 18. dxe4
{[%clk 1:07:22]} f6 {[%clk 1:18:45]} 19. Rfd1 {[%clk 1:07:01]} Kd7
{[%clk 1:18:44]} 20. Rd2 {[%clk 0:46:26]} Ke6 {[%clk 1:18:29]} 21. Rad1
{[%clk 0:45:40]} Rd7 {[%clk 1:18:00]} 22. c4 {[%clk 0:45:11]} Rhd8
{[%clk 1:17:17]} 23. Rd5 {[%clk 0:43:32]} a6 {[%clk 1:16:59]} 24. f4
{[%clk 0:41:34]} g6 {[%clk 1:16:40]} 25. Kf3 {[%clk 0:38:45]} Ba7
{[%clk 1:16:24]} 26. Kg2 {[%clk 0:38:47]} b6 {[%clk 1:15:37]} 27. b5
{[%clk 0:38:36]} axb5 {[%clk 1:12:45]} 28. axb5 {[%clk 0:38:32]} Rc8
{[%clk 1:12:51]} 29. Rc1 {[%clk 0:38:35]} Bb8 {[%clk 1:05:59]} 30. Rd3
{[%clk 0:32:05]} Ra7 {[%clk 1:05:53]} 31. Ra3 {[%clk 0:32:11]} Rxa3
{[%clk 1:04:34]} 32. Bxa3 {[%clk 0:32:36]} Rc7 {[%clk 1:04:57]} 1/2-1/2

[Event "Eliminacje_Strefowe_OP_SL_2024_C13"]
[Site "?"]
[Date "2024.09.15"]
[Round "9.6"]
[White "Musial, Bartosz"]
[Black "Plowy, Karol"]
[Result "0-1"]
[BlackElo "1638"]
[WhiteElo "1508"]
[LiveChessVersion "1.4.8"]

1. e4 {[%clk 1:30:59]} c5 {[%clk 1:30:59]} 2. Nf3 {[%clk 1:31:24]} d6
{[%clk 1:31:09]} 3. d4 {[%clk 1:31:43]} cxd4 {[%clk 1:31:10]} 4. Nxd4
{[%clk 1:32:11]} Nf6 {[%clk 1:31:30]} 5. Nc3 {[%clk 1:32:34]} a6 {[%clk 1:31:37]}
6. Be2 {[%clk 1:32:46]} e5 {[%clk 1:31:29]} 7. Nf3 {[%clk 1:33:09]} Be7
{[%clk 1:31:43]} 8. Bg5 {[%clk 1:28:23]} Be6 {[%clk 1:31:48]} 9. O-O
{[%clk 1:21:21]} Nbd7 {[%clk 1:26:18]} 10. Re1 {[%clk 1:13:50]} h6
{[%clk 1:14:46]} 11. Be3 {[%clk 1:14:04]} O-O {[%clk 1:07:50]} 12. Nd2
{[%clk 1:10:52]} b5 {[%clk 0:58:58]} 13. a3 {[%clk 1:10:49]} Nb6 {[%clk 0:40:39]}
14. Bxb6 {[%clk 1:04:42]} Qxb6 {[%clk 0:40:05]} 15. Bf3 {[%clk 1:04:51]} Rac8
{[%clk 0:33:33]} 16. Nf1 {[%clk 1:03:08]} a5 {[%clk 0:28:46]} 17. Ne3
{[%clk 0:59:06]} b4 {[%clk 0:25:12]} 18. axb4 {[%clk 0:58:14]} axb4
{[%clk 0:25:31]} 19. Ne2 {[%clk 0:55:18]} b3 {[%clk 0:19:31]} 20. cxb3
{[%clk 0:50:30]} Bxb3 {[%clk 0:19:28]} 21. Qd2 {[%clk 0:49:59]} Be6
{[%clk 0:16:17]} 22. Ng3 {[%clk 0:48:18]} g6 {[%clk 0:13:02]} 23. Be2
{[%clk 0:38:01]} Qd4 {[%clk 0:08:01]} 24. Qxd4 {[%clk 0:36:09]} exd4
{[%clk 0:08:28]} 25. Nd1 {[%clk 0:32:55]} d5 {[%clk 0:08:04]} 26. exd5
{[%clk 0:32:03]} Nxd5 {[%clk 0:07:42]} 27. Ra4 {[%clk 0:31:00]} Nb4
{[%clk 0:07:23]} 28. Ra7 {[%clk 0:21:01]} Bc5 {[%clk 0:06:30]} 29. Ra5
{[%clk 0:19:14]} d3 {[%clk 0:05:28]} 30. Bf3 {[%clk 0:19:19]} Nc2
{[%clk 0:04:45]} 31. Re5 {[%clk 0:18:56]} Bd4 {[%clk 0:04:33]} 32. Re4
{[%clk 0:18:33]} Rb8 {[%clk 0:03:30]} 33. Nf1 {[%clk 0:13:12]} Bxb2
{[%clk 0:03:15]} 34. Nxb2 {[%clk 0:13:21]} Rxb2 {[%clk 0:03:31]} 35. h3
{[%clk 0:12:53]} Rd8 {[%clk 0:03:22]} 36. Rea4 {[%clk 0:12:31]} Kg7
{[%clk 0:01:54]} 37. Ra8 {[%clk 0:12:41]} Rd4 {[%clk 0:01:29]} 38. Rxd4
{[%clk 0:12:01]} Nxd4 {[%clk 0:01:58]} 39. Rd8 {[%clk 0:12:29]} Nxf3+
{[%clk 0:02:18]} 40. gxf3 {[%clk 0:12:07]} Bxh3 {[%clk 0:02:26]} 0-1

[Event "Eliminacje_Strefowe_OP_SL_2024_C13"]
[Site "?"]
[Date "2024.09.15"]
[Round "9.7"]
[White "Dudek, Bartlomiej"]
[Black "Karnowka, Kacper"]
[Result "1/2-1/2"]
[BlackElo "1507"]
[WhiteElo "1558"]
[LiveChessVersion "1.4.8"]

1. e4 c5 {[%clk 1:30:57]} 2. Nf3 {[%clk 1:30:30]} d6 {[%clk 1:31:20]} 3. Bb5+
{[%clk 1:29:05]} Bd7 {[%clk 1:31:21]} 4. c4 {[%clk 1:28:37]} Bxb5
{[%clk 1:31:10]} 5. cxb5 {[%clk 1:28:53]} g6 {[%clk 1:30:56]} 6. Nc3
{[%clk 1:28:12]} Bg7 {[%clk 1:30:45]} 7. d4 {[%clk 1:27:34]} cxd4
{[%clk 1:31:07]} 8. Nxd4 {[%clk 1:27:49]} Nf6 {[%clk 1:30:47]} 9. O-O
{[%clk 1:27:46]} O-O {[%clk 1:31:00]} 10. f4 {[%clk 1:22:53]} Qb6
{[%clk 1:28:15]} 11. Be3 {[%clk 1:15:48]} Ng4 {[%clk 1:26:20]} 12. Qxg4
{[%clk 1:14:04]} Bxd4 {[%clk 1:26:33]} 13. Bxd4 {[%clk 1:14:17]} Qxd4+
{[%clk 1:26:57]} 14. Kh1 {[%clk 1:14:36]} e6 {[%clk 1:26:30]} 15. Rad1
{[%clk 1:13:57]} Qb4 {[%clk 1:26:33]} 16. Qe2 {[%clk 1:04:29]} Nd7
{[%clk 1:23:59]} 17. e5 {[%clk 0:56:09]} d5 {[%clk 1:23:22]} 18. a3
{[%clk 0:52:34]} Qe7 {[%clk 1:23:37]} 19. Rde1 {[%clk 0:42:47]} Rac8
{[%clk 1:19:29]} 20. Rf3 {[%clk 0:41:31]} Nc5 {[%clk 1:18:02]} 21. Rg3
{[%clk 0:39:04]} d4 {[%clk 1:18:08]} 22. Ne4 {[%clk 0:28:39]} d3 {[%clk 1:18:12]}
23. Qd1 {[%clk 0:28:38]} Nxe4 {[%clk 1:18:18]} 24. Rxe4 {[%clk 0:28:15]} Rfd8
{[%clk 1:18:29]} 25. h3 {[%clk 0:26:11]} d2 {[%clk 1:18:44]} 26. Rc3
{[%clk 0:24:29]} Rxc3 {[%clk 1:19:09]} 27. bxc3 {[%clk 0:24:53]} Qxa3
{[%clk 1:19:31]} 28. Kh2 {[%clk 0:23:43]} Qc1 {[%clk 1:19:18]} 29. Re1
{[%clk 0:24:03]} Qxc3 {[%clk 1:18:38]} 30. Re2 {[%clk 0:23:06]} Kg7
{[%clk 1:18:51]} 31. f5 {[%clk 0:20:52]} exf5 {[%clk 1:17:56]} 32. e6
{[%clk 0:20:49]} fxe6 {[%clk 1:16:46]} 33. Rxe6 {[%clk 0:20:45]} Qc1
{[%clk 1:15:54]} 34. Re7+ {[%clk 0:20:53]} Kh6 {[%clk 1:15:31]} 35. Qa4
{[%clk 0:17:06]} Qe1 {[%clk 1:12:02]} 36. Qf4+ {[%clk 0:15:33]} g5
{[%clk 1:12:14]} 37. Qc7 {[%clk 0:13:52]} Qh1+ {[%clk 1:09:50]} 38. Kxh1
{[%clk 0:13:48]} d1=Q+ {[%clk 1:10:10]} 39. Kh2 {[%clk 0:14:01]} Qd6+
{[%clk 1:10:30]} 40. Qxd6+ {[%clk 0:14:09]} Rxd6 {[%clk 1:10:51]} 41. Rxb7
{[%clk 0:14:31]} Rb6 {[%clk 1:11:14]} 42. Rxa7 {[%clk 0:13:42]} Rxb5
{[%clk 1:11:39]} 43. Ra6+ {[%clk 0:13:50]} Kh5 {[%clk 1:11:57]} 44. Rf6
{[%clk 0:13:25]} g4 {[%clk 1:08:59]} 45. hxg4+ {[%clk 0:12:52]} fxg4
{[%clk 1:09:15]} 46. Rf7 {[%clk 0:12:55]} Kg6 {[%clk 1:08:51]} 47. Rf4
{[%clk 0:12:45]} h5 {[%clk 1:08:54]} 48. Rc4 {[%clk 0:12:46]} Kg5
{[%clk 1:08:01]} 49. Rd4 {[%clk 0:12:20]} h4 {[%clk 1:06:38]} 50. Rc4
{[%clk 0:11:37]} Re5 {[%clk 1:05:12]} 51. Rb4 {[%clk 0:10:41]} Re2
{[%clk 1:00:31]} 52. Kg1 {[%clk 0:10:36]} g3 {[%clk 1:00:11]} 53. Kf1
{[%clk 0:10:52]} Rf2+ {[%clk 1:00:34]} 54. Kg1 {[%clk 0:10:52]} Rf4
{[%clk 0:57:45]} 55. Rxf4 {[%clk 0:08:51]} Kxf4 {[%clk 0:58:05]} 56. Kh1
{[%clk 0:08:17]} Ke3 {[%clk 0:57:43]} 57. Kg1 {[%clk 0:08:34]} Ke2
{[%clk 0:57:14]} 58. Kh1 {[%clk 0:08:55]} Kd1 {[%clk 0:55:23]} 59. Kg1
{[%clk 0:09:13]} Ke1 {[%clk 0:55:30]} 60. Kh1 {[%clk 0:09:34]} h3
{[%clk 0:55:39]} 61. Kg1 {[%clk 0:09:23]} Ke2 {[%clk 0:55:12]} 62. gxh3
{[%clk 0:09:22]} Kf3 {[%clk 0:55:35]} 63. Kf1 {[%clk 0:09:08]} 1/2-1/2